Digital Transformation in Education: Exploring Challenges, Opportunities, and Best Practices in Slovak Schools

Salvato in:
Dettagli Bibliografici
Autore principale: Ovšonka, Alexander (Autore)
Altri autori: Momand, Mohammad Yusuf (Relatore della tesi)
Natura: Manoscritto Libro
Lingua:slovacco
inglese
Pubblicazione: 2025
Soggetti:
Accesso online:http://is.stuba.sk/zp/portal_zp.pl?podrobnosti=175340
Tags: Aggiungi Tag
Nessun Tag, puoi essere il primo ad aggiungerne!!

MARC

LEADER 00000ntm a22000003a 4500
001 stuzp102822
003 SK-STU
005 20250614211503.7
007 ta
008 150427s2015----xo-----f-mn---000-0-slo-d
040 |a STU  |b slo 
041 0 |a eng 
100 1 |a Ovšonka, Alexander  |u 070200  |4 aut  |U FIIT Fakulta informatiky a informačných technológií  |T FIIT Ústav informatiky, informačných systémov a softvérového inžinierstva  |X 120861  |U I200  |Y 179  |7 120861 
242 0 1 |a Digitálna transformácia v školstve: Skúmanie výziev, príležitostí a osvedčených postupov na slovenských školách  |y slo 
245 1 0 |a Digital Transformation in Education: Exploring Challenges, Opportunities, and Best Practices in Slovak Schools 
260 |c 2025 
650 4 |a Web Application  |2 eng 
650 4 |a Education System  |2 eng 
650 4 |a Digital Transformation  |2 eng 
650 4 |a Webová aplikácia  |2 slo 
650 4 |a Vzdelávací systém  |2 slo 
650 4 |a Digitálna transformácia  |2 slo 
700 1 |a Momand, Mohammad Yusuf  |u 070200  |k Z3  |4 ths  |U FIIT Fakulta informatiky a informačných technológií  |T FIIT Ústav informatiky, informačných systémov a softvérového inžinierstva  |X 118059  |U I200  |Y 179  |7 118059 
856 4 |u http://is.stuba.sk/zp/portal_zp.pl?podrobnosti=175340